Anexo No. 1
Síntesis de elementos teóricos para el análisis del "problema de la tierra urbana" en un caso histórico concreto. Estudio elaborado fundamentalemente en base a textos de: Topalov, Liepietz y Jaramillo, relativos a utilidad y renta del suelo urbano. Se reitera que el análisis del problema d...
Guardat en:
| Autor principal: | |
|---|---|
| Format: | Text |
| Publicat: |
San Salvador:
Universidad Centroamericana José Simeón Cañas
|
| Matèries: | |
| Etiquetes: |
Afegir etiqueta
Sense etiquetes, Sigues el primer a etiquetar aquest registre!
|
MARC
| LEADER | 00000 a a2200000 04500 | ||
|---|---|---|---|
| 001 | 19950 | ||
| 003 | |||
| 040 | |||
| 090 | |a 081200 | ||
| 100 | |a Lungo, Mario | ||
| 245 | |a Anexo No. 1 | ||
| 260 | |a San Salvador: |b Universidad Centroamericana José Simeón Cañas | ||
| 300 | |a 50 p. | ||
| 520 | |a Síntesis de elementos teóricos para el análisis del "problema de la tierra urbana" en un caso histórico concreto. Estudio elaborado fundamentalemente en base a textos de: Topalov, Liepietz y Jaramillo, relativos a utilidad y renta del suelo urbano. Se reitera que el análisis del problema de la tierra urbana, debe partir de la producción y no del consumo y que no debe limitarse a la visión inmediata de los agentes que operan en torno a esta problemática, de lo contrario no es posible señalar cuales son las relaciones sociales en el ámbito urbano./ACM | ||
| 650 | |a RENTA DE LA TIERRA | ||
| 650 | |a TEORIA ECONOMICA | ||
| 650 | |a RENTA DEL SUELO URBANO | ||
| 999 | |c 11704 |d 11704 | ||
